01936 2200397 4500001002100000005001500021035002000036008004100056020001800097041000800115082001100123084001700134100002800151245016600179250001300345260003400358300001600392520072100408650002501129990002401154990002401178990002401202990002401226990002401250990002401274990002401298990002401322990002401346990002401370990002401394990002401418990002401442990002401466990002401490990002401514INLIS00000000000785320221107100131 a0010-0520007853221107 | | ind  a9789795382027 aind a346.08 a346.08 HER c0 aHerlina Suyati Bachtiar1 aContoh Akta Notaris Dan Akta Di Bawah Tangan Buku II Bagian 2 :bMengenai Akta-akta Notaris Untuk Perbankan & Perusahaan Multi Finance /cHerlina Suyati Bachtiar aCet.ke-3 aBandung :bMandar Maju,c2008 aviii, 162p. aBuku seri kedua bagian kedua ini membahas mengenai pengalaman yang diperoleh oleh penulis dalam bekerja di dunia perbankan dan perusahaan multi finance. Dalam buku ini, penulis menyiapkan contoh-contoh perjanjian materiil yang lazim digunakan di perbankan dan perusahaan multi finance. Diharapkan buku ini bermanfaat bagi pihak-pihak yang ingin mengetahui form apa saja yang dipergunakan di perbankan dan perusahaan multi finance dan juga bagi sarjana hukum yang ingin merintis karier di bidang perbankan ataupun perusahaan multi finance untuk dijadikan sebagai bahan permulaan untuk bekerja ataupun bahan perbandingan dengan bentuk-bentuk akte yang digunakan di bank/perusahaan multi finance tempat pembaca bekerja. 4aNotaries - Indonesia a16783/MKRI-P/X-2010 a16784/MKRI-P/X-2010 a16786/MKRI-P/X-2010 a16785/MKRI-P/X-2010 a16786/MKRI-P/X-2010 a16783/MKRI-P/X-2010 a16784/MKRI-P/X-2010 a16785/MKRI-P/X-2010 a16784/MKRI-P/X-2010 a16783/MKRI-P/X-2010 a16786/MKRI-P/X-2010 a16785/MKRI-P/X-2010 a16783/MKRI-P/X-2010 a16784/MKRI-P/X-2010 a16786/MKRI-P/X-2010 a16785/MKRI-P/X-2010